[Event "CZE-ch U10"]
[Site "Kouty nad Desnou"]
[Date "2014.03.12"]
[Round "6"]
[White "Svanda, Adam"]
[Black "Prazak, Viktor"]
[Result "0-1"]
[WhiteElo "1367"]
[BlackElo "1354"]
[PlyCount "72"]
[EventDate "2014.03.08"]
[EventType "swiss"]
[EventRounds "9"]
[EventCountry "CZE"]
[SourceTitle "EXT 2015"]
[Source "ChessBase"]
[SourceDate "2014.11.20"]
[SourceVersion "1"]
[SourceVersionDate "2014.11.20"]
[SourceQuality "1"]

1. c4 e5 2. Nc3 Nf6 3. g3 d5 4. cxd5 Nxd5 5. Bg2 Be6 6. d3 Nc6 7. Nf3 Be7 8. e4 Nxc3 9. bxc3 0-0 10. 0-0 f6 11. d4 exd4 12. cxd4 Bg4 13. Bb2 Kh8 14. h3 Bh5 15. d5 Ne5 16. Bxe5 Bxf3 17. Bxf3 fxe5 18. Bg2 Qd7 19. Rb1 b6 20. Qc2 Rac8 21. Rfc1 Bc5 22. Rf1 c6 23. dxc6 Rxc6 24. Rbd1 Qe6 25. Rd5 h6 26. Qc4 Bxf2+ 27. Rxf2 Rxc4 28. Rxf8+ Kh7 29. Rf5 Rc1+ 30. Kh2 Rc2 31. Rfxe5 Qf6 32. Rf5 Qc6 33. g4 Qc4 34. Kg1 Qe2 35. Bf3 Qh2+ 36. Kf1 Qf2# 0-1